Le Club des 27 - En grande formation - Statistiques

Statistiques générales
  • Ce quiz a été pris 65 fois
  • Le résultat moyen est 5 sur 23
Statistiques - réponses
Date du décès Profession Cause Initiales Prénom et nom % Correct
5 avril 1994 Chanteur - Cofondateur de Nirvana Suicide KC Kurt Cobain
93%
23 juillet 2011 Chanteuse Accident pendant une ivresse AW Amy Winehouse
87%
3 juillet 1971 Chanteur - Cofondateur des Doors Crise cardiaque JM Jim Morrison
72%
18 septembre 1970 Guitariste Asphyxie JH Jimi Hendrix
64%
4 octobre 1970 Chanteuse Overdose JJ Janis Joplin
62%
3 juillet 1969 Fondateur des Rolling Stones Noyé BJ Brian Jones
34%
16 août 1938 Bluesman Inconnue RJ Robert Johnson
21%
12 août 1988 Musicien du groupe Gray Overdose J-MB Jean-Michel Basquiat
5%
3 septembre 1970 Guitariste Overdose AW Alan Wilson
3%
20 janvier 2018 Rappeur Cancer causé par la drogue FS Fredo Santana
3%
23 mars 1980 Chanteur Accident de voiture JM Jacob Miller
3%
7 juillet 1993 Chanteuse Meurtre MZ Mia Zapata
3%
27 décembre 1978 Guitariste Accident de voiture CB Chris Bell
2%
10 février 1975 Bassiste de The Stooges Oedeme du poumon DA Dave Alexander
2%
22 décembre 1985 Chanteur et guitariste Accident de voiture DB D. Boon
2%
30 mai 2010 Batteur Accident de voiture DW Denis Wielemans
2%
8 décembre 1975 Bassiste Overdose GT Gary Thain
2%
2 mai 1977 Membre de Triumvirat Suicide HK Helmut Kollen
2%
18 décembre 2017 Chanteur Suicide J Jonghyun
2%
16 juin 1994 Bassiste Overdose KP Kristen Pfaff
2%
14 juin 1989 Batteur Accident de moto PDF Pete de Freitas
2%
24 avril 1975 Membre du groupe Badfinger Suicide PH Pete Ham
2%
8 mars 1973 Cofondateur de Grateful Dead Hémorragie RM Ron MacKernan
2%
Aucun quiz correspondant
Distribution des résultats
% des personnes avec chaque résultat
Percentile par nombre de réponses
Votre historique - résultats
Vous n’avez pas pris ce quiz